Journal of African Real Estate Research (Record no. 119125)

MARC details
000 -LEADER
fixed length control field 00493cas a22001815a 4500
001 - CONTROL NUMBER
control field L139794
008 - FIXED-LENGTH DATA ELEMENTS--GENERAL INFORMATION
fixed length control field 070809c2007 xxkgr p 0 a0eng u
035 ## - SYSTEM CONTROL NUMBER
System control number (Sirsi) u139794
041 0# - LANGUAGE CODE
Language code of text/sound track or separate title eng
110 2# - MAIN ENTRY--CORPORATE NAME
Corporate name or jurisdiction name as entry element Royal Institution of Chartered Surveyors
9 (RLIN) 4900
245 00 - TITLE STATEMENT
Title Journal of African Real Estate Research
260 ## - PUBLICATION, DISTRIBUTION, ETC.
Place of publication, distribution, etc. London
Name of publisher, distributor, etc. RICS
Date of publication, distribution, etc. 2007-
362 0# - DATES OF PUBLICATION AND/OR SEQUENTIAL DESIGNATION
Dates of publication and/or sequential designation 1(1) October 2007-
651 #4 - SUBJECT ADDED ENTRY--GEOGRAPHIC NAME
Geographic name Africa
690 ## - LOCAL SUBJECT ADDED ENTRY--TOPICAL TERM (OCLC, RLIN)
Topical term or geographic name as entry element PROPERTY
710 2# - ADDED ENTRY--CORPORATE NAME
Corporate name or jurisdiction name as entry element African Real Estate Society
9 (RLIN) 6185
942 ## - ADDED ENTRY ELEMENTS (KOHA)
Suppress in OPAC 0
Source of classification or shelving scheme Dewey Decimal Classification
Holdings
Withdrawn status Lost status Source of classification or shelving scheme Damaged status Not for loan Home library Current library Shelving location Date acquired Total Checkouts Full call number Barcode Date last seen Price effective from Koha item type
    Dewey Decimal Classification     London London Gallery 09/08/2007   RICS JOURNAL OF AFRICAN REAL ESTATE... 139794-1001 06/08/2019 06/08/2019 Journal